| 000 | 00710cab a2200217 4500 | ||
|---|---|---|---|
| 001 | WB3201-48 | ||
| 008 | 090401t1995 xxu||||| |||| 00| 0 eng d | ||
| 035 | _a(Sirsi) u11224 | ||
| 041 | _aeng | ||
| 245 | _aFuture looks brighter for ex power station | ||
| 260 | _c1995 | ||
| 350 | _a0 | ||
| 490 |
_aSunday Telegraph _v17 December 1995, 11(1) |
||
| 520 | _aA planning application to turn the former Battesea power station into a leisure complex with cinemas, exhibition halls and hotels will be lodged in the New Year. | ||
| 650 | _aBATTESEA POWER STATION | ||
| 650 | _aGRADE II LISTED BUILDINGS | ||
| 650 | _aLEISURE COMPLEX | ||
| 690 | _aLEISURE AND RECREATION | ||
| 942 | _n0 | ||
| 948 | _c04/03/1997 | ||
| 999 |
_c7142 _d7142 |
||